मध्य प्रदेश पुलिस आरक्षक भर्ती परीक्षा 54 सॉल्वड पेपर्स 2017 (Record no. 65122)
[ view plain ]
| 000 -LEADER | |
|---|---|
| fixed length control field | 00391nam a2200109Ia 4500 |
| 008 - FIXED-LENGTH DATA ELEMENTS--GENERAL INFORMATION | |
| fixed length control field | 221009s9999 xx 000 0 und d |
| 082 ## - DEWEY DECIMAL CLASSIFICATION NUMBER | |
| Classification number | 363 |
| 100 ## - MAIN ENTRY--PERSONAL NAME | |
| Personal name | उपकार |
| 9 (RLIN) | 73042 |
| 245 #0 - TITLE STATEMENT | |
| Title | मध्य प्रदेश पुलिस आरक्षक भर्ती परीक्षा 54 सॉल्वड पेपर्स 2017 |
| 260 ## - PUBLICATION, DISTRIBUTION, ETC. (IMPRINT) | |
| Name of publisher, distributor, etc. | उपकार |
| 942 ## - ADDED ENTRY ELEMENTS (KOHA) | |
| Koha item type | Books |
No items available.









